[Event "XVII. DBMM Schach"]
[Site "Berlin"]
[Date "2017.11.04"]
[Round "6.3"]
[White "Thomas, Mario"]
[Black "Leveikina, Jevgenija"]
[Result "0-1"]
[WhiteElo "2059"]
[BlackElo "2099"]
[Annotator "br"]
[PlyCount "92"]
[EventDate "2017.??.??"]
[EventType "team-swiss"]
[EventRounds "7"]
[EventCountry "GER"]
[SourceTitle "XVII. DBMM 2017"]
[Source "FV Schach e.V."]
[SourceDate "2018.05.26"]
[SourceVersion "1"]
[SourceVersionDate "2018.05.26"]
[SourceQuality "1"]
[WhiteTeam "Deutsche Bahn/BSW Frankurt/M"]
[BlackTeam "EKJ Herne und Wanne-Eickel"]
[WhiteTeamCountry "GER"]
[BlackTeamCountry "GER"]

1. e4 c6 2. d3 d5 3. Nd2 e5 4. Ngf3 Bd6 5. g3 Ne7 6. Bg2 O-O 7. O-O f5 8. c3
fxe4 9. dxe4 Bg4 10. h3 Bh5 11. g4 Be8 12. Qb3 Nd7 13. Ng5 Nc5 14. Qc2 Ng6 15.
Nb3 Rf4 16. Nxc5 Qxg5 17. Ne6 Qh4 18. Nxf4 exf4 19. f3 Bc5+ 20. Kh1 Bf7 21. Bd2
Qg5 22. Be1 Rd8 23. Rd1 Ne5 24. b3 Bb6 25. Bf2 h5 26. h4 Qe7 27. g5 Ng6 28.
Rfe1 dxe4 29. Rxd8+ Qxd8 30. Rxe4 Bxf2 31. Qxf2 Qd1+ 32. Kh2 Bd5 33. Re1 Qd3
34. c4 Bf7 35. Bh3 b5 36. cxb5 Qxb5 37. Be6 Bxe6 38. Rxe6 Ne5 39. Kg2 Qd5 40.
Re8+ Kf7 41. Ra8 Ng4 42. Qxa7+ Kg6 43. Re8 Qd2+ 44. Kf1 Ne3+ 45. Rxe3 fxe3 46.
Kg1 e2 0-1

[Event "XVII. DBMM Schach"]
[Site "Berlin"]
[Date "2017.11.04"]
[Round "6.4"]
[White "Selmanaj, Agim"]
[Black "Fernengel, Rudolf"]
[Result "0-1"]
[WhiteElo "1643"]
[BlackElo "1789"]
[Annotator "br"]
[PlyCount "108"]
[EventDate "2017.??.??"]
[EventType "team-swiss"]
[EventRounds "7"]
[EventCountry "GER"]
[SourceTitle "XVII. DBMM 2017"]
[Source "FV Schach e.V."]
[SourceDate "2018.05.26"]
[SourceVersion "1"]
[SourceVersionDate "2018.05.26"]
[SourceQuality "1"]
[WhiteTeam "EKJ Herne und Wanne-Eickel"]
[BlackTeam "Deutsche Bahn/BSW Frankurt/M"]
[WhiteTeamCountry "GER"]
[BlackTeamCountry "GER"]

1. e4 d6 2. Bc4 c5 3. Nc3 Nf6 4. d3 e6 5. a3 Be7 6. Nge2 a6 7. Ng3 b5 8. Ba2
Nbd7 9. O-O Bb7 10. h3 O-O 11. Re1 Qc7 12. Qe2 Rac8 13. Nh5 Nxh5 14. Qxh5 Nf6
15. Qe2 Nd7 16. f4 Bf6 17. Nd1 Rfe8 18. c3 a5 19. Ne3 g6 20. g4 b4 21. axb4
cxb4 22. cxb4 axb4 23. Bb3 Bd4 24. Ba4 Ra8 25. Bxd7 Rxa1 26. Bxe8 Rxc1 27. Ba4
Ba6 28. Rxc1 Qxc1+ 29. Kf2 Bxb2 30. Qc2 Qxc2+ 31. Bxc2 Bd4 32. Ke2 Kf8 33. Bb3
Ke7 34. f5 Bc8 35. fxg6 hxg6 36. Nc2 Bc3 37. h4 Kf6 38. Kf3 Ke5 39. Ke3 Bb7 40.
Kf3 d5 41. exd5 Bxd5+ 42. Bxd5 Kxd5 43. h5 b3 44. Na3 gxh5 45. gxh5 Ke5 46. Kg4
Kf6 47. Nb1 Bb4 48. Kh4 Kg7 49. Kg5 f6+ 50. Kh4 Kh6 51. Kg4 f5+ 52. Kf4 Kxh5
53. Ke5 Kg4 54. Kxe6 f4 0-1

[Event "XVII. DBMM Schach"]
[Site "Berlin"]
[Date "2017.11.04"]
[Round "6.1"]
[White "Bladt, Friedhelm"]
[Black "Blum, Norbert"]
[Result "1/2-1/2"]
[WhiteElo "2018"]
[BlackElo "1995"]
[Annotator "br"]
[PlyCount "27"]
[EventDate "2017.??.??"]
[EventType "team-swiss"]
[EventRounds "7"]
[EventCountry "GER"]
[SourceTitle "XVII. DBMM 2017"]
[Source "FV Schach e.V."]
[SourceDate "2018.05.26"]
[SourceVersion "1"]
[SourceVersionDate "2018.05.26"]
[SourceQuality "1"]
[WhiteTeam "SG Bayer Berlin"]
[BlackTeam "Sparkassen-Vers. Stuttgart"]
[WhiteTeamCountry "GER"]
[BlackTeamCountry "GER"]

1. e4 e6 2. Nc3 d5 3. Nf3 dxe4 4. Nxe4 Nd7 5. d4 Ngf6 6. Ng3 c5 7. c3 cxd4 8.
Nxd4 Bc5 9. Nb3 Be7 10. Be2 O-O 11. O-O Qc7 12. Qc2 b6 13. Bf3 Bb7 14. Bxb7
1/2-1/2

[Event "XVII. DBMM Schach"]
[Site "Berlin"]
[Date "2017.11.04"]
[Round "6.3"]
[White "Froehlich, Sergej"]
[Black "Bischoff, Ulrich"]
[Result "0-1"]
[WhiteElo "1763"]
[BlackElo "2072"]
[Annotator "br"]
[PlyCount "86"]
[EventDate "2017.??.??"]
[EventType "team-swiss"]
[EventRounds "7"]
[EventCountry "GER"]
[SourceTitle "XVII. DBMM 2017"]
[Source "FV Schach e.V."]
[SourceDate "2018.05.26"]
[SourceVersion "1"]
[SourceVersionDate "2018.05.26"]
[SourceQuality "1"]
[WhiteTeam "SG Bayer Berlin"]
[BlackTeam "Sparkassen-Vers. Stuttgart"]
[WhiteTeamCountry "GER"]
[BlackTeamCountry "GER"]

1. d4 d5 2. Bf4 Nf6 3. e3 c5 4. c3 e6 5. Nf3 Nc6 6. Bd3 Bd6 7. Bg3 O-O 8. Nbd2
b6 9. Ne5 Bb7 10. f4 Ne7 11. Bf2 Rc8 12. g4 Ne4 13. Bg3 f6 14. Nef3 Qc7 15. Qc2
Qc6 16. O-O c4 17. Be2 b5 18. Nxe4 dxe4 19. a3 exf3 20. Bxf3 Qc7 21. Be2 Nd5
22. Bf2 f5 23. g5 Nb6 24. Bg3 Be4 25. Qd2 Qc6 26. h4 Nd5 27. h5 g6 28. Rae1 Kg7
29. Rf2 a5 30. Rh2 Rh8 31. Bd1 b4 32. Rh4 bxc3 33. bxc3 Rb8 34. Bc2 Rb2 35. Rc1
Rxc2 36. Rxc2 Bxc2 37. hxg6 hxg6 38. Rxh8 Kxh8 39. Qxc2 Nxe3 40. Qh2+ Kg8 41.
Bf2 Ng4 42. d5 Qxd5 43. Qh4 Bxf4 0-1

[Event "XVII. DBMM Schach"]
[Site "Berlin"]
[Date "2017.11.04"]
[Round "6.4"]
[White "Marten, Gero"]
[Black "Althaus, Boris"]
[Result "1-0"]
[WhiteElo "2008"]
[BlackElo "1414"]
[Annotator "br"]
[PlyCount "53"]
[EventDate "2017.??.??"]
[EventType "team-swiss"]
[EventRounds "7"]
[EventCountry "GER"]
[SourceTitle "XVII. DBMM 2017"]
[Source "FV Schach e.V."]
[SourceDate "2018.05.26"]
[SourceVersion "1"]
[SourceVersionDate "2018.05.26"]
[SourceQuality "1"]
[WhiteTeam "Sparkassen-Vers. Stuttgart"]
[BlackTeam "SG Bayer Berlin"]
[WhiteTeamCountry "GER"]
[BlackTeamCountry "GER"]

1. Nf3 e6 2. g3 b6 3. Bg2 Bb7 4. O-O Nf6 5. d3 Be7 6. Nbd2 O-O 7. e4 Nc6 8. e5
Ng4 9. h3 Nh6 10. Ne4 Nf5 11. Re1 Nfd4 12. Nxd4 Nxd4 13. c3 Bxe4 14. Bxe4 Nc6
15. d4 f6 16. exf6 Rxf6 17. Bg5 Rf7 18. Be3 d5 19. Bg2 Bg5 20. Qg4 Bxe3 21.
Rxe3 Rf5 22. Rae1 h5 23. Qg6 Rf6 24. Qxh5 Qd6 25. Rxe6 Rxe6 26. Rxe6 Qf8 27.
Bxd5 1-0

[Event "XVII. DBMM Schach"]
[Site "Berlin"]
[Date "2017.11.04"]
[Round "6.1"]
[White "Hufnagel, Markus"]
[Black "Hedden, Helge"]
[Result "0-1"]
[WhiteElo "1693"]
[BlackElo "2112"]
[Annotator "br"]
[PlyCount "40"]
[EventDate "2017.??.??"]
[EventType "team-swiss"]
[EventRounds "7"]
[EventCountry "GER"]
[SourceTitle "XVII. DBMM 2017"]
[Source "FV Schach e.V."]
[SourceDate "2018.05.26"]
[SourceVersion "1"]
[SourceVersionDate "2018.05.26"]
[SourceQuality "1"]
[WhiteTeam "Deutsche Bahn Oberhausen"]
[BlackTeam "Baubehoerde Hamburg"]
[WhiteTeamCountry "GER"]
[BlackTeamCountry "GER"]

1. c4 e5 2. Nc3 Nf6 3. g3 Bb4 4. Bg2 O-O 5. e3 Bxc3 6. bxc3 Nc6 7. Ne2 d6 8.
O-O Be6 9. d3 e4 10. Nd4 Qd7 11. Nxe6 Qxe6 12. dxe4 Qxc4 13. Qb3 Qa6 14. c4
Rfe8 15. Rb1 Rab8 16. e5 dxe5 17. Bxc6 Qxc6 18. Ba3 Ne4 19. Bb4 Ng5 20. f4 Nh3#
0-1

[Event "XVII. DBMM Schach"]
[Site "Berlin"]
[Date "2017.11.04"]
[Round "6.2"]
[White "Hein, Ralf"]
[Black "Grunwald, Guenther"]
[Result "1-0"]
[WhiteElo "2045"]
[BlackElo "1611"]
[Annotator "br"]
[PlyCount "43"]
[EventDate "2017.??.??"]
[EventType "team-swiss"]
[EventRounds "7"]
[EventCountry "GER"]
[SourceTitle "XVII. DBMM 2017"]
[Source "FV Schach e.V."]
[SourceDate "2018.05.26"]
[SourceVersion "1"]
[SourceVersionDate "2018.05.26"]
[SourceQuality "1"]
[WhiteTeam "Baubehoerde Hamburg"]
[BlackTeam "Deutsche Bahn Oberhausen"]
[WhiteTeamCountry "GER"]
[BlackTeamCountry "GER"]

1. c4 e5 2. Nc3 f5 3. e4 d6 4. Nf3 Nf6 5. d3 c6 6. Be2 Be7 7. O-O O-O 8. Bg5
Kh8 9. b4 b6 10. Qb3 h6 11. Bd2 fxe4 12. dxe4 Be6 13. Qc2 a5 14. bxa5 Rxa5 15.
c5 Nfd7 16. cxd6 Bxd6 17. Rad1 Qc7 18. Be3 Na6 19. Bxa6 Rxa6 20. Qd3 Bb4 21.
Qxa6 Bxc3 22. Rc1 1-0

[Event "XVII. DBMM Schach"]
[Site "Berlin"]
[Date "2017.11.04"]
[Round "6.3"]
[White "Holdsch, Peter Michael"]
[Black "Buchholz, Robert"]
[Result "1/2-1/2"]
[WhiteElo "1628"]
[BlackElo "1961"]
[Annotator "br"]
[PlyCount "121"]
[EventDate "2017.??.??"]
[EventType "team-swiss"]
[EventRounds "7"]
[EventCountry "GER"]
[SourceTitle "XVII. DBMM 2017"]
[Source "FV Schach e.V."]
[SourceDate "2018.05.26"]
[SourceVersion "1"]
[SourceVersionDate "2018.05.26"]
[SourceQuality "1"]
[WhiteTeam "Deutsche Bahn Oberhausen"]
[BlackTeam "Baubehoerde Hamburg"]
[WhiteTeamCountry "GER"]
[BlackTeamCountry "GER"]

1. d4 Nf6 2. Nf3 c5 3. e3 g6 4. Be2 Bg7 5. b3 cxd4 6. exd4 d5 7. O-O O-O 8. c4
b6 9. Ne5 Bb7 10. Bb2 Nc6 11. f4 e6 12. Bf3 Ne4 13. cxd5 exd5 14. Nd2 f5 15.
Rc1 Rc8 16. a3 a5 17. Be2 Qd6 18. Ndf3 Nb8 19. Bb5 Rxc1 20. Qxc1 Rc8 21. Qa1
Bf8 22. Rc1 Qd8 23. Rxc8 Qxc8 24. Qc1 Qxc1+ 25. Bxc1 Nc3 26. Bd3 Ba6 27. Bf1
Ne2+ 28. Bxe2 Bxe2 29. Kf2 Bd1 30. Nd2 Bd6 31. Ke1 Bc2 32. g3 Kg7 33. Bb2 Kf6
34. h4 h6 35. Nef3 b5 36. Ke2 Be7 37. Ne1 Be4 38. a4 b4 39. Nxe4+ fxe4 40. Nc2
Na6 41. Ne3 Nc7 42. Ng4+ Kg7 43. Ne5 Ne6 44. Nc6 Bd8 45. Bc1 Bb6 46. Be3 Kf6
47. Kf2 g5 48. fxg5+ hxg5 49. hxg5+ Nxg5 50. Bxg5+ Kxg5 51. Ke3 Kf6 52. g4 Bc7
53. g5+ Kxg5 54. Ne7 Bf4+ 55. Ke2 Kf6 56. Nxd5+ Kf5 57. Ne7+ Ke6 58. Nc6 Bc7
59. Ke3 Kd5 60. Ne7+ Ke6 61. Ng6 1/2-1/2

[Event "XVII. DBMM Schach"]
[Site "Berlin"]
[Date "2017.11.04"]
[Round "6.1"]
[White "Segerberg, Tomas"]
[Black "Baudrexel, Peter"]
[Result "1-0"]
[WhiteElo "2103"]
[BlackElo "1825"]
[Annotator "br"]
[PlyCount "65"]
[EventDate "2017.??.??"]
[EventType "team-swiss"]
[EventRounds "7"]
[EventCountry "GER"]
[SourceTitle "XVII. DBMM 2017"]
[Source "FV Schach e.V."]
[SourceDate "2018.05.26"]
[SourceVersion "1"]
[SourceVersionDate "2018.05.26"]
[SourceQuality "1"]
[WhiteTeam "SV Osram Berlin II"]
[BlackTeam "ADAC Muenchen II"]
[WhiteTeamCountry "GER"]
[BlackTeamCountry "GER"]

1. c4 f5 2. Nc3 Nf6 3. d4 e6 4. f3 Bb4 5. Bd2 d5 6. e3 O-O 7. a3 Bxc3 8. Bxc3
b6 9. Bd3 Ba6 10. Qe2 c6 11. b3 Nbd7 12. Nh3 Re8 13. O-O g6 14. Qb2 Rc8 15.
Rad1 Qe7 16. Rfe1 c5 17. dxc5 dxc4 18. Bxc4 Bxc4 19. bxc4 bxc5 20. Qb7 Rb8 21.
Qa6 Nb6 22. Bxf6 Qxf6 23. Qxa7 e5 24. Rb1 Qe7 25. Qa6 Qc7 26. Rb5 Re6 27. Ng5
Rd6 28. Qa5 h6 29. Nh3 Rc6 30. Reb1 Ra8 $11 31. Qxa8+ Nxa8 32. Rb8+ Qc8 33.
R1b7 1-0

[Event "XVII. DBMM Schach"]
[Site "Berlin"]
[Date "2017.11.04"]
[Round "6.2"]
[White "Obermeier, Karlheinz"]
[Black "Lange, Rudolf"]
[Result "0-1"]
[WhiteElo "1526"]
[BlackElo "1851"]
[Annotator "br"]
[PlyCount "68"]
[EventDate "2017.??.??"]
[EventType "team-swiss"]
[EventRounds "7"]
[EventCountry "GER"]
[SourceTitle "XVII. DBMM 2017"]
[Source "FV Schach e.V."]
[SourceDate "2018.05.26"]
[SourceVersion "1"]
[SourceVersionDate "2018.05.26"]
[SourceQuality "1"]
[WhiteTeam "ADAC Muenchen II"]
[BlackTeam "SV Osram Berlin II"]
[WhiteTeamCountry "GER"]
[BlackTeamCountry "GER"]

1. e4 c5 2. Nf3 Nc6 3. Nc3 g6 4. d3 Bg7 5. Be2 Nf6 6. O-O O-O 7. Bg5 h6 8. Bd2
d5 9. exd5 Nxd5 10. Nxd5 Qxd5 11. c3 Bf5 12. Be3 Rad8 13. Qc1 Kh7 14. Rd1 e5
15. Nh4 Be6 16. Nf3 f5 17. Qc2 f4 18. Bc1 g5 19. c4 Qd7 20. Rd2 g4 21. Ne1 Nd4
22. Qd1 Bf6 23. Bf1 f3 24. b3 e4 25. Rb1 fxg2 26. Bxg2 Nf3+ 27. Nxf3 gxf3 28.
dxe4 Qg7 29. Qxf3 Bg5 30. Qe2 Bxd2 31. Bxd2 Rg8 32. Qf3 Rxd2 33. Kh1 Rf8 34.
Qg3 Rfxf2 0-1

[Event "XVII. DBMM Schach"]
[Site "Berlin"]
[Date "2017.11.04"]
[Round "6.3"]
[White "Mayer, Herbert"]
[Black "Zunk, Olaf"]
[Result "1-0"]
[WhiteElo "1859"]
[BlackElo "1352"]
[Annotator "hm"]
[PlyCount "79"]
[EventDate "2017.??.??"]
[EventType "team-swiss"]
[EventRounds "7"]
[EventCountry "GER"]
[SourceTitle "XVII. DBMM 2017"]
[Source "FV Schach e.V."]
[SourceDate "2018.05.26"]
[SourceVersion "1"]
[SourceVersionDate "2018.05.26"]
[SourceQuality "1"]
[WhiteTeam "SV Osram Berlin II"]
[BlackTeam "ADAC Muenchen II"]
[WhiteTeamCountry "GER"]
[BlackTeamCountry "GER"]

1. f4 b6 2. e3 Bb7 3. Nf3 e6 4. b3 Nf6 5. Bb2 Be7 6. Be2 d5 7. O-O O-O 8. Ne5
Nbd7 9. d3 Bd6 10. Nd2 Bxe5 11. fxe5 Ne8 12. Ba3 c5 13. d4 f6 14. Bg4 f5 15.
Be2 Qg5 16. Rf3 Rf7 17. Rg3 Qe7 18. Nf3 f4 19. exf4 Rxf4 20. Bc1 Qf7 21. Bxf4
Qxf4 22. Ng5 Nc7 23. Rg4 Qe3+ 24. Kh1 Rf8 25. Rg3 Qxd4 26. Qxd4 cxd4 27. Bg4
Nc5 28. Rd1 Rf2 29. b4 Ne4 30. Nxe4 dxe4 31. h4 e3 32. Rxd4 e2 33. Bxe2 Rxe2
34. Rd8+ Ne8 35. Rxe8+ Kf7 36. Rd8 Bd5 37. Rd7+ Ke8 38. Rxa7 b5 39. Rgxg7 Rf2
40. Rac7 1-0

[Event "XVII. DBMM Schach"]
[Site "Berlin"]
[Date "2017.11.04"]
[Round "6.4"]
[White "Zunk, Steffi"]
[Black "Genz, Andreas"]
[Result "0-1"]
[WhiteElo "801"]
[BlackElo "1640"]
[Annotator "br"]
[PlyCount "54"]
[EventDate "2017.??.??"]
[EventType "team-swiss"]
[EventRounds "7"]
[EventCountry "GER"]
[SourceTitle "XVII. DBMM 2017"]
[Source "FV Schach e.V."]
[SourceDate "2018.05.26"]
[SourceVersion "1"]
[SourceVersionDate "2018.05.26"]
[SourceQuality "1"]
[WhiteTeam "ADAC Muenchen II"]
[BlackTeam "SV Osram Berlin II"]
[WhiteTeamCountry "GER"]
[BlackTeamCountry "GER"]

1. e4 c5 2. Bc4 Nc6 3. Nf3 d6 4. Nc3 Nf6 5. d3 g6 6. h3 Bg7 7. O-O O-O 8. a3 a6
9. Be3 b5 10. Ba2 Bb7 11. d4 cxd4 12. Nxd4 Qc7 13. Nd5 Nxd5 14. exd5 Ne5 15. f4
Nc4 16. Qf3 Bxd4 17. Bxd4 Nd2 18. Qc3 Qxc3 19. Bxc3 Nxf1 20. Rxf1 Bc8 21. Bd2
Bf5 22. c4 Rac8 23. b3 bxc4 24. bxc4 Rb8 25. Bb4 Rfc8 26. Rc1 a5 27. Bxa5 Rb2
0-1

[Event "XVII. DBMM Schach"]
[Site "Berlin"]
[Date "2017.11.04"]
[Round "6.1"]
[White "Achermann, Didier"]
[Black "Piotrowski, Roger"]
[Result "1-0"]
[WhiteElo "1811"]
[BlackElo "1756"]
[Annotator "br"]
[PlyCount "111"]
[EventDate "2017.??.??"]
[EventType "team-swiss"]
[EventRounds "7"]
[EventCountry "GER"]
[SourceTitle "XVII. DBMM 2017"]
[Source "FV Schach e.V."]
[SourceDate "2018.05.26"]
[SourceVersion "1"]
[SourceVersionDate "2018.05.26"]
[SourceQuality "1"]
[WhiteTeam "Europäisches Patentamt Muenchen II"]
[BlackTeam "Telestern Berlin"]
[WhiteTeamCountry "GER"]
[BlackTeamCountry "GER"]

1. e4 c5 2. Nf3 d6 3. d4 cxd4 4. Nxd4 Nf6 5. Nc3 a6 6. Be3 g6 7. f3 Bg7 8. Qd2
O-O 9. O-O-O Nc6 10. Nb3 Be6 11. Kb1 b5 12. Qf2 Nd7 13. g4 b4 14. Ne2 Bxb3 15.
cxb3 Rc8 16. Nd4 Qa5 17. h4 Nf6 18. Bh3 Rc7 19. Ne2 Qb5 20. Nd4 Nxd4 21. Bxd4
e5 22. Be3 Rd8 23. Bf1 Qb7 24. Bb6 Nxe4 25. Bxa6 Nxf2 26. Bxb7 Rxb7 27. Bxd8
Rd7 28. Ba5 Nxh1 29. Rxh1 Rb7 30. Rc1 Rb5 31. Rc8+ Bf8 32. Bd8 Rb7 33. Bf6 Rd7
34. a4 d5 35. Kc2 e4 36. fxe4 dxe4 37. Re8 Rd6 38. Be7 Re6 39. Rxf8+ Kg7 40.
Bxb4 e3 41. Kd3 e2 42. Rc8 e1=Q 43. Bxe1 Rxe1 44. Rc4 Rh1 45. g5 Rh3+ 46. Kc2
h6 47. gxh6+ Kxh6 48. a5 Re3 49. b4 g5 50. hxg5+ Kxg5 51. a6 Re7 52. b5 f5 53.
b6 f4 54. Rxf4 Kxf4 55. a7 Re2+ 56. Kb1 1-0

[Event "XVII. DBMM Schach"]
[Site "Berlin"]
[Date "2017.11.04"]
[Round "6.2"]
[White "Meseck, Klaus"]
[Black "Junker, Carsten"]
[Result "0-1"]
[WhiteElo "1731"]
[BlackElo "1715"]
[Annotator "br"]
[PlyCount "56"]
[EventDate "2017.??.??"]
[EventType "team-swiss"]
[EventRounds "7"]
[EventCountry "GER"]
[SourceTitle "XVII. DBMM 2017"]
[Source "FV Schach e.V."]
[SourceDate "2018.05.26"]
[SourceVersion "1"]
[SourceVersionDate "2018.05.26"]
[SourceQuality "1"]
[WhiteTeam "Telestern Berlin"]
[BlackTeam "Europäisches Patentamt Muenchen II"]
[WhiteTeamCountry "GER"]
[BlackTeamCountry "GER"]

1. e4 d5 2. exd5 Nf6 3. Nf3 Qxd5 4. Nc3 Qa5 5. d3 c6 6. Bd2 Qc7 7. g3 e5 8. Bg2
Bg4 9. O-O Nbd7 10. Qe1 O-O-O 11. Ne4 Nxe4 12. dxe4 Bc5 13. b4 Bd4 14. c3 Bb6
15. a4 Qd6 16. a5 Bc7 17. Be3 Kb8 18. Qe2 f5 19. Qc2 f4 20. Bd2 g5 21. Nxg5 Qg6
22. Nf3 Qh5 23. Qd1 Nf6 24. Qe2 Rxd2 25. Qxd2 Bxf3 26. Ra2 Bxg2 27. Kxg2 f3+
28. Kh1 Qh3 0-1

[Event "XVII. DBMM Schach"]
[Site "Berlin"]
[Date "2017.11.04"]
[Round "6.4"]
[White "Kleinwaechter, Manfred"]
[Black "Mueller, Gerd"]
[Result "1-0"]
[WhiteElo "1791"]
[BlackElo "1867"]
[Annotator "br"]
[PlyCount "31"]
[EventDate "2017.??.??"]
[EventType "team-swiss"]
[EventRounds "7"]
[EventCountry "GER"]
[SourceTitle "XVII. DBMM 2017"]
[Source "FV Schach e.V."]
[SourceDate "2018.05.26"]
[SourceVersion "1"]
[SourceVersionDate "2018.05.26"]
[SourceQuality "1"]
[WhiteTeam "Telestern Berlin"]
[BlackTeam "Europäisches Patentamt Muenchen II"]
[WhiteTeamCountry "GER"]
[BlackTeamCountry "GER"]

1. e4 c5 2. d4 cxd4 3. c3 dxc3 4. Nxc3 a6 5. Bc4 e6 6. Nf3 Qc7 7. Qe2 Bb4 8.
O-O Bxc3 9. bxc3 b5 10. Bb3 d6 11. Ba3 Ne7 12. Rfd1 Qxc3 13. Bxd6 Nbc6 14. Rac1
Qa5 15. Ne5 Nxe5 16. Bc7 1-0

[Event "XVII. DBMM Schach"]
[Site "Berlin"]
[Date "2017.11.04"]
[Round "6.1"]
[White "Bissinger, Gerhard"]
[Black "Koerlin, Hans Juergen"]
[Result "1/2-1/2"]
[WhiteElo "1595"]
[BlackElo "1845"]
[Annotator "br"]
[PlyCount "59"]
[EventDate "2017.??.??"]
[EventType "team-swiss"]
[EventRounds "7"]
[EventCountry "GER"]
[SourceTitle "XVII. DBMM 2017"]
[Source "FV Schach e.V."]
[SourceDate "2018.05.26"]
[SourceVersion "1"]
[SourceVersionDate "2018.05.26"]
[SourceQuality "1"]
[WhiteTeam "SV Rapid Unilever Hamburg"]
[BlackTeam "BA Tempelhof Berlin III"]
[WhiteTeamCountry "GER"]
[BlackTeamCountry "GER"]

1. e4 e5 2. Nf3 Nc6 3. Bb5 a6 4. Ba4 Nf6 5. O-O b5 6. Bb3 Be7 7. Re1 O-O 8. c3
d5 9. d3 Bb7 10. Nbd2 Re8 11. Bc2 Bc5 12. Nf1 Qd6 13. Be3 Rad8 14. Qe2 Bc8 15.
Rad1 a5 16. d4 exd4 17. cxd4 dxe4 18. dxc5 exf3 19. Qxb5 Qe6 20. Ng3 Rxd1 21.
Bxd1 fxg2 22. Bb3 Nd4 23. Bxe6 Nxb5 24. Bxc8 Rxc8 25. Kxg2 c6 26. a4 Nc7 27.
Bd2 Ra8 28. Nf5 Ne6 29. Ne7+ Kf8 30. Nxc6 1/2-1/2

[Event "XVII. DBMM Schach"]
[Site "Berlin"]
[Date "2017.11.04"]
[Round "6.2"]
[White "Lehmann, Michael"]
[Black "Christ, Heyko"]
[Result "1-0"]
[WhiteElo "1722"]
[BlackElo "1547"]
[Annotator "br"]
[PlyCount "73"]
[EventDate "2017.??.??"]
[EventType "team-swiss"]
[EventRounds "7"]
[EventCountry "GER"]
[SourceTitle "XVII. DBMM 2017"]
[Source "FV Schach e.V."]
[SourceDate "2018.05.26"]
[SourceVersion "1"]
[SourceVersionDate "2018.05.26"]
[SourceQuality "1"]
[WhiteTeam "BA Tempelhof Berlin III"]
[BlackTeam "SV Rapid Unilever Hamburg"]
[WhiteTeamCountry "GER"]
[BlackTeamCountry "GER"]

1. c4 g6 2. g3 Bg7 3. Bg2 c5 4. Nc3 Nf6 5. d3 O-O 6. e4 d6 7. h3 e5 8. Nge2 h6
9. O-O a6 10. f4 exf4 11. Bxf4 Nh5 12. g4 Nxf4 13. Nxf4 Bd4+ 14. Kh1 Nd7 15.
Qd2 Kg7 16. Nce2 Be5 17. Rf3 b5 18. Raf1 bxc4 19. dxc4 Nf6 20. Re3 Nh7 21. Nd3
Qg5 22. Nxe5 Qxe5 23. Rd3 Rd8 24. Rd1 Bb7 25. Rxd6 Rxd6 26. Qxd6 Qxb2 27. Rd2
Qa1+ 28. Kh2 Re8 29. Ng3 Nf6 30. Re2 Re5 31. Qb8 Re7 32. e5 Ng8 33. Bxb7 Qb1
34. Qd6 Rxb7 35. Qxc5 Qd3 36. Qd5 Qa3 37. Qxb7 1-0

[Event "XVII. DBMM Schach"]
[Site "Berlin"]
[Date "2017.11.04"]
[Round "6.3"]
[White "Amini, Mahmood"]
[Black "Schneider, Eckehard"]
[Result "0-1"]
[WhiteElo "1699"]
[BlackElo "1842"]
[Annotator "br"]
[PlyCount "174"]
[EventDate "2017.??.??"]
[EventType "team-swiss"]
[EventRounds "7"]
[EventCountry "GER"]
[SourceTitle "XVII. DBMM 2017"]
[Source "FV Schach e.V."]
[SourceDate "2018.05.26"]
[SourceVersion "1"]
[SourceVersionDate "2018.05.26"]
[SourceQuality "1"]
[WhiteTeam "SV Rapid Unilever Hamburg"]
[BlackTeam "BA Tempelhof Berlin III"]
[WhiteTeamCountry "GER"]
[BlackTeamCountry "GER"]

1. d4 Nf6 2. Nc3 d5 3. Nf3 g6 4. e3 Bg7 5. Bd3 O-O 6. Ne2 Nc6 7. c3 Re8 8. Ng3
e5 9. dxe5 Nxe5 10. Nxe5 Rxe5 11. O-O c5 12. f4 Re8 13. f5 Ne4 14. Bxe4 dxe4
15. Qxd8 Rxd8 16. fxg6 hxg6 17. Nxe4 b6 18. Ng3 Ba6 19. Re1 Rd7 20. e4 Re8 21.
Bf4 Be5 22. Bxe5 Rxe5 23. Rad1 Rde7 24. Rd8+ Kg7 25. Red1 Bb7 26. R8d7 Kf6 27.
Rxe7 Rxe7 28. Re1 Ke5 29. Re2 Rd7 30. b3 Rd3 31. c4 Rd4 32. h3 Bxe4 33. Nxe4
Rxe4 34. Rd2 Rd4 35. Re2+ Re4 36. Rd2 f5 37. Rd5+ Kf4 38. Kf2 Rd4 39. g3+ Ke4
40. g4 fxg4 41. Rg5 Rd2+ 42. Ke1 Rxa2 43. Rxg4+ Kf5 44. Rg3 g5 45. Rf3+ Ke4 46.
Rg3 Kf4 47. Rg4+ Kf5 48. Rg3 Rb2 49. Kd1 a5 50. Kc1 Rh2 51. Rf3+ Ke4 52. Rg3
Kd4 53. Rg4+ Kc3 54. Rg3+ Kb4 55. Kb1 Ka3 56. Kc1 a4 57. bxa4+ Kxa4 58. Rxg5
Rxh3 59. Rg6 Kb4 60. Kd1 Rh2 61. Rxb6+ Kxc4 62. Rb8 Kc3 63. Rc8 c4 64. Ke1 Kd3
65. Rd8+ Kc2 66. Rc8 c3 67. Rc7 Rh3 68. Rc8 Rh4 69. Rc7 Rd4 70. Ke2 Kb3 71.
Rb7+ Rb4 72. Rc7 Kc2 73. Rc8 Re4+ 74. Kf3 Rb4 75. Ke2 Rb2 76. Ke1 Rb3 77. Rc7
Kc1 78. Rc8 c2 79. Rc7 Rd3 80. Rc8 Rd1+ 81. Ke2 Kb2 82. Rb8+ Ka3 83. Ra8+ Kb4
84. Rb8+ Ka5 85. Ra8+ Kb6 86. Rb8+ Ka7 87. Rf8 c1=Q 0-1

[Event "XVII. DBMM Schach"]
[Site "Berlin"]
[Date "2017.11.04"]
[Round "6.4"]
[White "Meseck, Michael"]
[Black "Kazemi Sresht, Rahim"]
[Result "1-0"]
[WhiteElo "1514"]
[BlackElo "1534"]
[Annotator "br"]
[PlyCount "78"]
[EventDate "2017.??.??"]
[EventType "team-swiss"]
[EventRounds "7"]
[EventCountry "GER"]
[SourceTitle "XVII. DBMM 2017"]
[Source "FV Schach e.V."]
[SourceDate "2018.05.26"]
[SourceVersion "1"]
[SourceVersionDate "2018.05.26"]
[SourceQuality "1"]
[WhiteTeam "BA Tempelhof Berlin III"]
[BlackTeam "SV Rapid Unilever Hamburg"]
[WhiteTeamCountry "GER"]
[BlackTeamCountry "GER"]

1. d4 d5 2. c4 e6 3. Nc3 c6 4. e4 Bb4 5. e5 Ne7 6. Qg4 Ng6 7. a3 Bxc3+ 8. bxc3
Qh4 9. Qxh4 Nxh4 10. Bg5 Ng6 11. Rb1 h6 12. Bd2 Nd7 13. Nf3 b6 14. cxd5 exd5
15. Bd3 Ndf8 16. O-O Bg4 17. Ne1 Be6 18. Nc2 Nd7 19. f4 Nh4 20. f5 Nxf5 21.
Bxf5 Bxf5 22. Rxf5 g6 23. Rf3 c5 24. Rbf1 O-O-O 25. Rxf7 Rde8 26. Ne3 Ref8 27.
e6 Rxf7 28. Rxf7 Nf8 29. e7 Ne6 30. Nxd5 cxd4 31. cxd4 Kd7 32. Nf4 Ke8 33. Rf6
Nxf4 34. Bxf4 Kxe7 35. Rxg6 Kf7 36. Rxh6 Rxh6 37. Bxh6 Kg6 38. Be3 a5 39. d5 b5
1-0